00800nam a2200193 a 450000100100000000500170001000800410002704000250006810000390009324500570013225000110018926000370020030000170023750000630025450000440031795201110036195201170047299900170058900003944920240306164224.0130628s1969 sp 000 0 spa d aDO-SdBNPbspacBNPHU1 aVargas Llosa, Mario,d1936-91256710aConversación en la catedral /cMario Vargas Llosa. a3a ed. aBarcelona :bSeix Barral,c1969. av. ;c21 cm. aIncluye datos biográficos del autor en la contracubierta aLa biblioteca posee el volúmen I y II 001054708MOaGRbGRcCTd2013-06-28iLF1l0o p39449-10r2020-06-25w2020-06-25y4ZPréstamo en sala 001054728MOaGRbGRcCTd2013-06-28iLF1l0o p39449-20r2020-06-25te. 2w2020-06-25y4ZPréstamo en sala c38939d38939